MARC

LEADER 00000nam0a2200000 4500
001 258528
005 20231101233315.0
035 |a (RuTPU)RU\TPU\book\281396 
035 |a RU\TPU\book\187308 
090 |a 258528 
100 |a 20140425d1987 m y0rusy50 ca 
101 0 |a rus 
102 |a RU 
105 |a a j 001zy 
200 1 |a Токарь-расточник  |e учебник  |f В. К. Смирнов 
205 |a 5-е изд., доп. и перераб. 
210 |a Москва  |c Высшая школа  |d 1987 
215 |a 255 с.  |c ил. 
225 1 |a Профтехобразование. Обработка металлов давлением 
320 |a Библиогр.: с. 222. 
606 1 |a Расточные станки   |2 stltpush  |3 (RuTPU)RU\TPU\subj\23978  |9 88287 
610 1 |a расточка 
610 1 |a учебники 
610 1 |a резание 
610 1 |a режущий инструмент 
610 1 |a принадлежности 
610 1 |a приспособления 
610 1 |a контроль 
610 1 |a работа 
675 |a 621.941.27(075.32)  |v 3 
700 1 |a Смирнов  |b В. К.  |g Вячесла Константинович 
801 1 |a RU  |b 63413507  |c 20091215 
801 2 |a RU  |b 63413507  |c 20150930  |g RCR 
942 |c BK